| 000 | 00760nam a2200241 u 4500 | ||
|---|---|---|---|
| 001 | 62405 | ||
| 005 | 20180714064422.0 | ||
| 008 | 150415s2005 mx a r 000 0 spa d | ||
| 020 | _a970-685-105-4 | ||
| 041 | _aspa | ||
| 082 | 0 |
_a232.917 _bPIM |
|
| 100 | 1 |
_aPimentel M., Guadalupe _eautor |
|
| 245 | 1 | 0 |
_aGuadalupe / _cGuadalupe Pimentel. |
| 250 | _aPrimera edición | ||
| 264 | 1 |
_aMéxico : _bEditorial Alba, _c2005 |
|
| 300 |
_a185 páginas : _bilustraciones ; _c19 cm. |
||
| 336 |
_atexto _2rdacontent |
||
| 337 |
_asin mediación _2rdamedia |
||
| 338 |
_avolumen _2rdacarrier |
||
| 650 | 0 |
_aVirgen de Guadalupe _xApariciones y milagros _xHistoria |
|
| 650 | 0 |
_aCatolicismo _zMéxico _xHistoria |
|
| 650 | 0 |
_aMéxico _xHistoria _ySiglo XX |
|
| 999 |
_c62405 _d62405 |
||